00584cam a22002058a 4500008004100000020002200041050001300063100002100076245007200097260003100169300003300200504004100233500001900274650002300293630001700316700001800333003000100351005001700352040000900369  a0471547360 (pbk.)00aT385 WEI1 aWeiskamp, Keith.10aPower graphics using Turbo Pascal 6 /cKeith Weiskamp, Loren Heiny. aNew York :bWiley,cc1991. axv, 381 p. :bill. ;c24 cm. aIncludes bibliographical references  aIncludes index 0aComputer graphics.00aTurbo Pascal1 aHeiny, Loren.20230123134338.0 cNUST